KOHA-Header-6

Akbar ky Nurteen (Record no. 2479)

000 -LEADER
fixed length control field 00261nam a2200109Ia 4500
008 - FIXED-LENGTH DATA ELEMENTS--GENERAL INFORMATION
fixed length control field 190802s9999 xx 000 0 und d
100 ## - MAIN ENTRY--PERSONAL NAME
Personal name Zaib Malih Abadi
245 #0 - TITLE STATEMENT
Title Akbar ky Nurteen
260 ## - PUBLICATION, DISTRIBUTION, ETC. (IMPRINT)
Place of publication, distribution, etc Lahore
Name of publisher, distributor, etc Alhaq Publishers
Date of publication, distribution, etc 2002
300 ## - PHYSICAL DESCRIPTION
Extent 344:p
942 ## - ADDED ENTRY ELEMENTS (KOHA)
Koha item type Books
Holdings
Withdrawn status Lost status Source of classification or shelving scheme Damaged status Not for loan Permanent Location Current Location Shelving location Date acquired Full call number Barcode Date last seen Price effective from Koha item type
          MAJU MAJU Shelf No.A12 2019-08-03 954.27 9102 2019-08-03 2019-08-03 Books

Powered by Koha